000 00612nam a2200193Ii 4500
003 JO-AjNU
008 230605s9999||||xx |||||||||||||| ||und||
040 _aJO-AjNU
_bara
_erda
_cJO-AjNU
041 _aara
050 1 4 _aHD39.5.S522.1983
100 3 _aشريف،علي/علي الشرقاوي,
_eauthor
_99832
245 0 0 _aادارة الشراء والتخزين
264 3 1 _aبيروت:دار النهضة العربية،1983
300 _a416ص
336 _atext
_btxt
_2rdacontent
337 _aunmediated
_bn
_2rdamedia
338 _avolume
_bnc
_2rdacarrier
650 4 _aادارة- الشراء
_99833
999 _aA1500
_c5068
_d5068